Giáo trình công nghệ ô tô : Phần chẩn đoán ô tô công nghệ phục hồi chi tiết trong sữa chữa ô tô (Sách dùng cho trình độ cao đẳng nghề) /
"Giáo trình công nghệ ô tô " dùng cho trình độ TCCN, CĐN. Bộ giáo trình gồm có 6 cuốn:
保存先:
| 第一著者: | |
|---|---|
| フォーマット: | 図書 |
| 言語: | Vietnamese |
| 出版事項: |
H. :
Lao động ,
2010
|
| 版: | In lần thứ 1 |
| 主題: | |
| タグ: |
タグ追加
タグなし, このレコードへの初めてのタグを付けませんか!
|
| Thư viện lưu trữ: | Thư viện Trường CĐ Kỹ Thuật Cao Thắng |
|---|
| LEADER | 02387nam a2200361 a 4500 | ||
|---|---|---|---|
| 001 | TVCDKTCT12949 | ||
| 003 | Thư viện trường Cao đẳng Kỹ thuật Cao Thắng | ||
| 005 | 20110427000000 | ||
| 008 | 110427 | ||
| 980 | \ | \ | |a Thư viện Trường CĐ Kỹ Thuật Cao Thắng |
| 024 | |a RG_1 #1 eb0 i1 | ||
| 041 | 0 | # | |a vie |
| 082 | # | # | |a 629.23 / |b GI301OT-p |
| 100 | 1 | # | |a Tổng cục dạy nghề |
| 245 | 0 | 0 | |a Giáo trình công nghệ ô tô : Phần chẩn đoán ô tô công nghệ phục hồi chi tiết trong sữa chữa ô tô (Sách dùng cho trình độ cao đẳng nghề) / |c Tổng cục dạy nghề |
| 250 | # | # | |a In lần thứ 1 |
| 260 | # | # | |a H. : |b Lao động , |c 2010 |
| 300 | # | # | |a 152tr. ; |c 24cm |
| 520 | # | # | |a "Giáo trình công nghệ ô tô " dùng cho trình độ TCCN, CĐN. Bộ giáo trình gồm có 6 cuốn: |
| 520 | # | # | |a 1. Giáo trình Công nghệ ô tô động cơ - Phần Động cơ. |
| 520 | # | # | |a 2.Giáo trình Công nghệ ô tô động cơ - Phần Nhiên liệu. |
| 520 | # | # | |a 3. Giáo trình Công nghệ ô tô động cơ - Phần Điện. |
| 520 | # | # | |a 4. Giáo trình Công nghệ ô tô động cơ - Phần Truyền lực. |
| 520 | # | # | |a 5. Giáo trình Công nghệ ô tô động cơ - Phần Hệ thống phanh |
| 520 | # | # | |a 6. Giáo trình Công nghệ ô tô động cơ - Phần Chẩn đoán ô tô & Công nghệ phục hồi chi tiết trong sửa chữa ô tô. |
| 520 | # | # | |a Bộ giáo trình này được viết với mục tiêu làm tài liệu giảng dạy cho học sinh - Sinh viên và cán bộ kỹ thuật nghề Công nghệ ô tô, góp phần đáp ứng yêu cầu ngày càng cao trong đào tạo và thực tế sản xuất. |
| 520 | # | # | |a Cuốn sách chia thành 2 chương: |
| 520 | # | # | |a Chương 1: Chẩn đoán ô tô |
| 520 | # | # | |a Chương 2: Công nghệ phục hồi chi tiết trong sửa chữa |
| 650 | # | 4 | |a Ô tô |
| 650 | # | 4 | |a Cơ khí |
| 650 | # | 4 | |a Công nghệ Ô tô |
| 650 | # | 4 | |a Công nghệ ô tô--Chuẩn đoán ô tô--Sửa chữa--Công nghệ phục hồi chi tiết |